Planeación estratégica: fundamentos y aplicaciones

Guardat en:
Dades bibliogràfiques
Autors principals: Chiavenato, Idalberto (autor), Sapiro, Arao (Autor)
Format: Llibre
Idioma:espanyol
Publicat: Ciudad de México McGraw-Hill 2011
Edició:2a. ed
Matèries:
Etiquetes: Afegir etiqueta
Sense etiquetes, Sigues el primer a etiquetar aquest registre!

MARC

LEADER 00000cam a2200000 a 4500
001 UCG9306
003 CL-VaPUC
005 20241119165005.0
008 120309e20110000MX |||||||||||||||||spa|d
999 |c 346864  |d 346862 
020 |a 9789701068779 
040 |c Pontificia Universidad Católica de Valparaíso 
082 0 4 |a 658.3  |b CHI  |2 21 
100 |a Chiavenato, Idalberto   |e autor  |9 88 
245 1 0 |a Planeación estratégica: fundamentos y aplicaciones 
250 |a 2a. ed 
260 |a Ciudad de México  |b McGraw-Hill  |c 2011 
300 |a 318 p 
583 |a last modification  |c 20130913 05:19:24  |k Rodrigo Vera 
650 0 |a Gestión de empresas  |9 433832 
650 0 |a Planificación estratégica   |9 259735 
650 0 |a Aprendizaje organizacional  |9 263803 
650 0 |a Gobierno de la empresa  |9 891576 
700 0 |a Sapiro, Arao  |e author  |9 560806 
942 |c BK  |2 ddc 
945 |d 20120309 00:00:00  |a dcastane 
952 |0 0  |1 0  |4 0  |6 658_300000000000000_CHI_2011  |7 0  |8 R  |9 447799  |a BIBENE  |b BIBENE  |d 2019-11-22  |i 484307K  |o 658.3 CHI 2011  |p 484307K  |r 2025-01-15  |w 2019-11-22  |y BK_R  |k ICO